ბათუმის შოთა რუსთაველის სახელმწიფო უნივერსიტეტის ბიბლიოთეკა

ნადირობა მგლებზე;აკრძალული თამაშები;უსაფლავო ჯარისკაცები (ბიბ.ჩანაწერი № 43438)

000 -LEADER
fixed length control field 01033nam a2200229Ia 4500
001 - CONTROL NUMBER
control field 10168
003 - CONTROL NUMBER IDENTIFIER
control field GE_BSU
008 - FIXED-LENGTH DATA ELEMENTS--GENERAL INFORMATION
fixed length control field 181216s||||||||xx |||||||||||||| ||und||
040 ## - CATALOGING SOURCE
Transcribing agency GE_BSU
080 ## - UNIVERSAL DECIMAL CLASSIFICATION NUMBER
Universal Decimal Classification number 821.353.1–31
100 ## - MAIN ENTRY--PERSONAL NAME
Personal name სანადირაძე,გიორგი
245 ## - TITLE STATEMENT
Title ნადირობა მგლებზე;აკრძალული თამაშები;უსაფლავო ჯარისკაცები
245 ## - TITLE STATEMENT
Remainder of title რომანი–ქრონიკა
245 ## - TITLE STATEMENT
Statement of responsibility, etc. რედ.რევაზ ჩხარტიშვილი
260 ## - PUBLICATION, DISTRIBUTION, ETC.
Place of publication, distribution, etc. თბილისი
260 ## - PUBLICATION, DISTRIBUTION, ETC.
Name of publisher, distributor, etc. საქ.რესპ.წიგნის პალატა გამ–ბა წყარო
260 ## - PUBLICATION, DISTRIBUTION, ETC.
Date of publication, distribution, etc. 1991
300 ## - PHYSICAL DESCRIPTION
Extent 734გვ .პორტრ.გარეკანზე.20სმ.
653 ## - INDEX TERM--UNCONTROLLED
Uncontrolled term აკრძალული თამაშები;უსაფლავო ჯარისკაცები
653 ## - INDEX TERM--UNCONTROLLED
Uncontrolled term რომანი–ქრონიკა
942 ## - ADDED ENTRY ELEMENTS (KOHA)
Koha item type წიგნი
ეგზემპლარები
Withdrawn status Lost status Damaged status Not for loan Date acquired Barcode Date last seen Price effective from Koha item type
        2018-12-17 33597 2018-12-17 2018-12-17 წიგნი